MARC

LEADER 00000nam0a2200000 4500
001 156815
005 20231031153415.0
035 |a (RuTPU)RU\TPU\book\170066 
090 |a 156815 
100 |a 20090331d1964 m y0rusy50 ca 
101 0 |a rus 
102 |a RU 
105 |a a j 001zy 
200 1 |a Гироскопические приборы и автопилоты  |e учебное пособие  |f Д. С. Пельпор 
210 |a Москва  |c Машиностроение  |d 1964 
215 |a 390 с.  |c ил. 
320 |a Библиогр.: с. 385-386. 
610 1 |a гироскопические приборы 
610 1 |a автопилоты 
610 1 |a кардановый подвес 
610 1 |a гироскопические системы 
610 1 |a гироскопические вертикали 
610 1 |a инерциальная навигация 
610 1 |a учебные пособия 
675 |a 629.13.05(075.8)  |v 3 
675 |a 531.383(075.8)  |v 3 
700 1 |a Пельпор  |b Д. С.  |g Дмитрий Сергеевич 
801 1 |a RU  |b 63413507  |c 20090331  |g PSBO 
801 2 |a RU  |b 63413507  |c 20160404  |g PSBO 
942 |c BK